000 00966nas a2200325 4500
001 BR2015000841
003 BR-BrBNA
005 20231205125019.0
007 ta
008 230509b bl.|||p| |||| 00| 00por d
040 _aBR-BrBNA
_bpor
_cBiblioteca Nacional de Agricultura
041 _a(En)
072 _aF06; F61
100 1 _aAmaral, U. do
100 1 _aMaia, V.M.
100 1 _aPegoraro, R.F.
100 1 _aKondo, M.K.
100 1 _aAspiazu, I.
245 1 _aWater depths and macronutrients accumulation in "Pérola" pineapple irrigated by drip
650 _aABACAXI
650 _aIRRIGAÇÃO POR GOTEJAMENTO
650 _aMACROELEMENTO
650 _aABSORÇÃO DE NUTRIENTES
650 _aNPK
650 _aCÃLCIO
650 _aMINAS GERAIS
773 0 _tRevista Brasileira de Fruticultura (Brazil)
_xISSN 0100-2945
_g(Sep 2014), v. 36(3) p. 755-760
_wBR2015000841
909 _a202311
_bLúcia
_c55
_dLúcia Elande
942 _2AGRIS
_n0
_cANA
999 _c242135
_d242135